<?xml version="1.0" encoding="UTF-8"?>
<marc:record xmlns:marc="http://www.loc.gov/MARC21/slim">
   <marc:leader>00000nam a2200000 a 4500</marc:leader>
   <marc:datafield ind1="1" ind2=" " tag="100">
      <marc:subfield code="a">Steffensmeier, Alexander</marc:subfield>
      <marc:subfield code="4">aut</marc:subfield>
      <marc:subfield code="e">Verfasser/-in</marc:subfield>
   </marc:datafield>
   <marc:datafield ind1=" " ind2=" " tag="653">
      <marc:subfield code="a">Pappbilderbücher mit und ohne Zusatzteile, Fühlbilderbücher</marc:subfield>
   </marc:datafield>
   <marc:datafield ind1="0" ind2="0" tag="245">
      <marc:subfield code="a">Lieselotte, was machen die Hühner?</marc:subfield>
   </marc:datafield>
   <marc:datafield ind1=" " ind2="1" tag="264">
      <marc:subfield code="b">FISCHER Sauerländer</marc:subfield>
      <marc:subfield code="c">2024</marc:subfield>
   </marc:datafield>
   <marc:datafield ind1="1" ind2=" " tag="520">
      <marc:subfield code="a">Witzige Bauernhofgeschichten für Kleinkinder mit Lieselottes Hühnerhaufen!  Wer Kuh Lieselotte kennt, liebt auch die Hühner und Küken, die überall auf dem Bauernhof zu finden sind und ein lustiges Eigenleben frühren. Sie erobern den Traktor, spielen Eierlaufen mit Lieselotte und feiern abends eine Gartenparty samt Tanz und Gesang.   Lieselottes Abenteuer für die Kleinsten! Auch Kinder ab 2 Jahren haben jede Menge Spaß mit der lustigen Lieblingskuh und ihren Freunden. Fröhliche Bilder und stabile Pappseiten mit abgerundeten Ecken für kleine Kinderhände begeistern Mädchen wie Jungen.</marc:subfield>
   </marc:datafield>
   <marc:datafield ind1=" " ind2=" " tag="020">
      <marc:subfield code="a">9783737372794</marc:subfield>
      <marc:subfield code="9">9783737372794</marc:subfield>
   </marc:datafield>
</marc:record>
